| 000 | 00813nam a22002897a 4500 | ||
|---|---|---|---|
| 001 | 5011 | ||
| 003 | FISKH | ||
| 005 | 20241031145643.0 | ||
| 008 | 241031b cb ||||| |||| 00| 0 eng d | ||
| 020 | _a9780439332101 | ||
| 040 |
_aFISKH _beng _cFISKH _dFISKH |
||
| 050 | _aPZ7.W64816 | ||
| 082 | _a813 | ||
| 100 |
_aWilhelm, Hans _d(1945-) |
||
| 245 |
_aI love my shadow! / _cby Hans Wilhelm |
||
| 250 | _aThis edition first printing in 2010 | ||
| 260 |
_aNew York : _bScholastic, _c2010. |
||
| 300 |
_a29 pages : _bColor illustrations ; _c23 cm |
||
| 505 | _aD | ||
| 520 | _aA little dog has fun playing with his shadow at the beach. | ||
| 521 | 8 |
_a280L
_bLexile |
|
| 521 | 8 |
_aD
_bRaz-Plus |
|
| 650 |
_2Shadows _aFiction |
||
| 650 |
_2Weather _aNoodles |
||
| 942 |
_2ddc _cBK _n0 |
||
| 999 |
_c5011 _d5011 |
||